Music Quiz

Random Music or Album Quiz

The Flaming Lips Albums Quiz Stats

 Plays Quiz Updated Apr 13, 2019

Score 0/15 Timer 05:00
0 Plays Today
Year Album % Correct
2002Yoshimi Battles the Pink Robots
79.4%
1999The Soft Bulletin
75.1%
1995Clouds Taste Metallic
60.5%
2006At War with the Mystics
56.3%
1997Zaireeka
54.9%
2009Embryonic
53.7%
1993Transmissions from the Satellite Heart
50%
1986Hear It Is
48.3%
Year Album % Correct
1987Oh My Gawd!!!
45.8%
1990In a Priest Driven Ambulance
45.2%
2013The Terror
44.6%
1992Hit to Death in the Future Head
41.2%
1989Telepathic Surgery
30%
2019King's Mouth
26.8%
2017Oczy Mlody
26.6%

You're not logged in!

Compare scores with friends on all Sporcle quizzes.
OR
Log In

Sporcle TV

Today on Sporcle TV


Watch our educational content, quiz creation guides, and fun videos on Sporcle TV.

Show Comments

Extras

Top Quizzes Today


Score Distribution

Your Account Isn't Verified!

In order to create a playlist on Sporcle, you need to verify the email address you used during registration. Go to your Sporcle Settings to finish the process.

Report this User

Report this user for behavior that violates our Community Guidelines.

Details: